|
|
|
|
| LEADER |
01360nam a2200361 a 4500 |
| 001 |
35344 |
| 003 |
BD-DhAAL |
| 005 |
20211129150529.0 |
| 008 |
190912t2007 enk b 000 0 eng d |
| 999 |
|
|
|c 41221
|d 41221
|
| 010 |
|
|
|a 2009280190
|
| 015 |
|
|
|a GBA746702
|2 bnb
|
| 016 |
7 |
|
|a 013771454
|2 Uk
|
| 020 |
|
|
|a 9780194389211 (pbk.)
|
| 020 |
|
|
|a 0194389219 (pbk.)
|
| 035 |
|
|
|a (OCoLC)ocn137313942
|
| 040 |
|
|
|a ERL
|c ERL
|d YDXCP
|d UKM
|d NLGGC
|d TXH
|d BTCTA
|d UAB
|d BAKER
|d OSU
|d DLC
|d BD-DhAAL
|
| 042 |
|
|
|a lccopycat
|
| 050 |
0 |
0 |
|a P302
|b .W5327 2007
|
| 082 |
0 |
4 |
|a 401.41
|2 22
|
| 100 |
1 |
|
|a Widdowson, H. G.
|9 34475
|
| 245 |
1 |
0 |
|a Discourse analysis /
|c H.G. Widdowson.
|
| 260 |
|
|
|a Oxford ;
|a New York :
|b Oxford University Press,
|c c2007.
|
| 300 |
|
|
|a xvi, 136 pages ;
|c 20 cm.
|
| 440 |
|
0 |
|a Oxford introductions to language study
|9 34476
|
| 504 |
|
|
|a Includes bibliographical references (pages 117-126).
|
| 526 |
|
|
|a BIED
|
| 541 |
|
|
|a Complimentary copy from BIED
|e 35344
|
| 650 |
|
0 |
|a Discourse analysis.
|9 34477
|
| 650 |
|
0 |
|a Sociolinguistics.
|9 34478
|
| 852 |
|
|
|a Ayesha Abed Library
|c BIED Collection
|
| 942 |
|
|
|2 ddc
|c BK
|
| 952 |
|
|
|0 0
|1 0
|2 ddc
|4 0
|6 401_410000000000000_WID
|7 0
|9 66270
|a BRACUL
|b BRACUL
|c GEN
|d 2019-09-12
|e Complimentary copy from BIED
|l 6
|m 6
|o 401.41 WID
|p 3010035344
|r 2025-07-13
|s 2025-07-02
|t 1
|w 2019-09-12
|y BK
|x Transferred from BIED to General Stacks
|